¿Nuevas paradojas de la liberación en América Latina? /

Uloženo v:
Podrobná bibliografie
Hlavní autor: Salama, Pierre
Další autoři: Cabello Naranjo, Elena trad
Médium: Text
Témata:
Tagy: Přidat tag
Žádné tagy, Buďte první, kdo vytvoří štítek k tomuto záznamu!

MARC

LEADER 00000 a a2200000 04500
001 3538
003
040
100 |a Salama, Pierre  
245 |a ¿Nuevas paradojas de la liberación en América Latina? /  |c Pierre Salama 
650 |a LIBERALIZACION ECONOMICA  
650 |a DEFICIT  
650 |a DEPENDENCIA ECONOMICA  
650 |a CRECIMIENTO ECONOMICO  
650 |a BALANZA COMERCIAL  
650 |a EXPORTACIONES  
650 |a BALANZA COMERCIAL  
650 |a ARGENTINA  
650 |a BRASIL  
650 |a MEXICO  
650 |a PRODUCTIVIDAD  
650 |a INVERSIONES EXTRANJERAS  
700 |a Cabello Naranjo, Elena   |a trad  
773 |g volumen 52, número 9; páginas 840-854  
999 |c 28450  |d 28450